| 000 | 00577 a2200145 4500 | ||
|---|---|---|---|
| 245 |
_a31 ways to change the world _b : we are what we do _hprint |
||
| 020 | _a9780763645069 (pbk.) | ||
| 250 | _a1st U.S. ed.. | ||
| 700 | _aTaylor, Tanis. | ||
| 650 | _aliterature | ||
| 005 | 20191017173119.0 | ||
| 260 |
_amau _bCandlewick Press _c2010 |
||
| 084 | _aHM831 .T14 2010 | ||
| 300 |
_a67 p. : ill. (chiefly col.) _b 23 cm. _c67 p. : ill. (chiefly col.) ; 23 cm. |
||
| 500 | _aproduced by Nick Stanhope ; art direction and design by New Future Graphic ; writtten by Tanis Taylor and 4,386 children (more or less). | ||
| 999 |
_c9814 _d9814 |
||